MDQL
is popping MORE tags! Check the
thread
!
Quizzes
Events
Quiz Creation
Community
Videos
Private Events
Remove Ads
Sign In
Join for FREE
Feedback
Dark Mode
Quiz Categories
Sports
Geography
Music
Movies
Television
Just For Fun
Miscellaneous
History
Literature
Language
Science
Gaming
Entertainment
Religion
Holiday
For Kids
Quiz Lab
Recent
Popular Today
Quiz Kudos Today
Editor Picks
Curator Picks
Quizzes by...
Day
Popularity
Type
Ratings
Length
Year
Community
Subscriptions
Recent Discussions
Orange Saloon
Badges
Playlists
Quests
Create
Leaderboards
Showdown
Live 5
Trivia Bingo
Activity
Puzzle Library
Sporcle Events
Private Events
Virtual Trivia
Globe League
Become a Host
Pub Owners
SporcleCon
Opinionation
Our Games
Videos
Blog
Mobile Apps
Partnerships
Remove Ads and Go Orange
Feedback
Sports
Athletes
MLB
NBA
NHL
NFL
Soccer
Sports Teams
WWE
NCAA
Football
Premier League
Basketball
Baseball
Hockey
Golf
Tennis
Cricket
Rugby
Auto Racing
Olympics
World Cup
Sports
Athletes
MLB
NBA
NHL
NFL
Soccer
Sports Teams
WWE
NCAA
Football
Premier League
Basketball
Baseball
Hockey
Golf
Tennis
Cricket
Rugby
Auto Racing
Olympics
World Cup
Random Quiz
Search Sporcle
×
Quiz Lab
Quiz Lab
Sports
Soccer
Type in answers that appear in a list
Type in answers that appear in a list
Classic
Best Score? Go Orange.
Czech Footballers in National Team (2017) Stats
Can you name the Czech Footballers in National Team (2017)?
By
lukheg888
10m
38 Questions
66 Plays
66 Plays
66 Plays
Comments
Comments
Give Quiz Kudos
Give Quiz Kudos
-
- Ratings
hide this ad
Replay
Link that replays current quiz
Next Quiz
Link to next quiz in quiz playlist
You Got
0%
They Got
Avg Score
61%
Avg Friend Score
Upgrade to see
Score Distribution
Jump to the score distribution portion of the page
Score
0/38
Timer
10:00
0
Plays Today
Position
Player
% Correct
Obránci
Gebre Selassie
92.4%
Brankáři
Vaclík
87.9%
Záložníci
Darida
81.8%
Záložníci
Dočkal
81.8%
Útočníci
Schick
81.8%
Útočníci
Kadlec
81.8%
Brankáři
Koubek
80.3%
Záložníci
Krejčí
80.3%
Brankáři
Pavlenka
78.8%
Útočníci
Škoda
78.8%
Obránci
Kadeřábek
77.3%
Záložníci
Barák
77.3%
Útočníci
Krmenčík
74.2%
Záložníci
Zmrhal
72.7%
Útočníci
Šural
72.7%
Obránci
Brabec
71.2%
Záložníci
Hušbauer
69.7%
Obránci
Novák
68.2%
Záložníci
Jankto
66.7%
Position
Player
% Correct
Obránci
Kalas
65.2%
Obránci
Čelůstka
62.1%
Obránci
Suchý
62.1%
Obránci
Coufal
60.6%
Obránci
Bořil
57.6%
Obránci
Simič
57.6%
Záložníci
Souček
56.1%
Obránci
Sivok
51.5%
Záložníci
Falta
48.5%
Obránci
Hloušek
47%
Záložníci
Hořava
40.9%
Záložníci
Hrubý
40.9%
Záložníci
Kopic
37.9%
Obránci
Lüftner
34.8%
Útočníci
Kliment
34.8%
Záložníci
Frýdek
31.8%
Záložníci
Houska
28.8%
Záložníci
Sýkora
25.8%
Záložníci
Mareš
18.2%
Quiz Playlist
Details
Report
Send in Message
Add To Playlist
Classic:
Type in answers that appear in a list
Last Updated: Mar 25, 2018
Quiz Scoreboard
CHALLENGE
Sign Up to Join the Scoreboard
Show All
Scores
Hide
Comments
May contain spoilers
Recently Published
Find the 'City' Movie
by crazypaving
Movies
60s
5x2 Blitz: Bands
by SL_Kpop136
Music
30s
Colored Red Africa Blitz
by spor1
Geography
30s
More to Explore
Quiz From the Vault
Featured Blog Post
14 Easter Pick-up Lines to Find Eggs With
hide this ad
You Might Also Like...
Tags
Soccer Quiz
Czech
Czechia
national
National Team
Today's Top Quizzes in Sports
Browse Sports
hide this ad
Today's Top Quizzes in Soccer
Browse Soccer
Top Contributed Quizzes in Sports
1
Players with Multiple 50 Home Run Seasons
2
Les entraîneurs de l'OM et du PSG au 21e siècle
3
Criteria MLB: Left Handed Sluggers
4
2022 World Cup Stars
5
Les meilleurs buteurs des matchs entre le PSG et l’OM
6
Who Hit More Homers?
7
Les joueurs passés par le PSG et l'OM
8
NBA Logic Puzzle 2.0
9
Top 10 NHL Goal Scorers of All Time
10
MLB Players with Two .350 Batting Average Seasons
Explore More
Trending Topics
Disney
Harry Potter
Anime
NBA
Kpop
Crossword
Marvel
Puzzle
Song
WWE
Soccer
NFL
Pokémon
The Office
Country
hide this ad
More By:
lukheg888
Quiz
Plays
Rating
Category
Featured
Created
Most used players - Sir Alex Ferguson
13,800
4.50
Sports
May 11, 2018
Most used players - José Mourinho
8,888
4.94
Sports
Apr 29, 2018
Most used players - Pep Guardiola
8,054
4.92
Sports
Apr 30, 2018
Fifa 20 Icons
5,921
2.00
Sports
Sep 9, 2019
Chelsea Last 50 PL players
5,818
5.00
Sports
Sep 10, 2018
Go to Creator's Profile
Score Distribution
Quiz Creator Spotlight
lukheg888
Follow
Send a Message
Quizzes Created
-
Created Quiz Play Count
-
More By This Creator
Popular Quizzes Today
1
Colored Red Africa Blitz
2
Find the 'City' Movie
3
Find the US States - No Outlines Minefield
4
5x2 Blitz: Bands
5
The Countries of the World
6
Find the US States
7
US States
8
9x9 Crossword: Cartoon Network
More Sports Quizzes
Every Club Sergio Ramos Got A Red Playing Against
Quiz Lab
Trending Quizzes
Colored Red Europe Blitz I
Colored Red Europe Blitz II
Colored Red Africa Blitz II
Colored Red Europe Blitz III
Colored Red Africa Blitz III
Recently Updated
How Do You Spell That?
pecheneg
Godzilla Movies
pecheneg
Grab Bag: 4-10 Letters
pecheneg
2024 March Madness Bracket
pecheneg
Famous TV Couples
Peacemaker
Champions League XIs: Real Madrid
pecheneg
Largest US Cities 1790-2010
pecheneg
Rides in Walt Disney World
pecheneg
Most Oscar Losses (Acting)
pecheneg
Beyoncé Albums
pecheneg
Trending Topics
Disney
Crossword
Marvel
Anime
Kpop
Harry Potter
NBA
The Office
Song
Soccer
Puzzle
Country
WWE
Pokémon
NFL
Your Account Isn't Verified!
In order to create a playlist on Sporcle, you need to verify the email address you used during registration. Go to your
Sporcle Settings
to finish the process.
Report this User
Report this user for behavior that violates our
Community Guidelines
.
Details:
Send Report
Go to the Sporcle.com Mobile Site →
Comments